Villes par satellite n°1 - Statistiques

Statistiques générales
  • Ce quiz a été pris 288 fois
  • Le résultat moyen est 8 sur 15
Statistiques - réponses
Par images Réponse % Correct
Doubaï
89%
Venise
84%
Londres
71%
Amsterdam
68%
Monaco
67%
Rome
64%
Istamboul
63%
Singapour
48%
Chicago
46%
Shanghaï
40%
Montréal
32%
Sydney
32%
Boston
25%
Buenos Aires
24%
Détroit
19%
Aucun quiz correspondant
Distribution des résultats
% des personnes avec chaque résultat
Percentile par nombre de réponses
Votre historique - résultats
Vous n’avez pas pris ce quiz